[Event "Karl Mala Memorial op 15th"]
[Site "Frankfurt"]
[Date "2012.07.08"]
[Round "6"]
[White "Zoufal, Sven"]
[Black "Papadopoulos, Ioannis1111"]
[Result "1-0"]
[WhiteElo "1332"]
[BlackElo "985"]
[PlyCount "59"]
[EventDate "2012.07.05"]
[EventType "swiss"]
[EventRounds "7"]
[EventCountry "GER"]
[SourceTitle "CBM 149 Extra"]
[Source "ChessBase"]
[SourceDate "2012.08.24"]
[SourceVersion "1"]
[SourceVersionDate "2012.08.24"]
[SourceQuality "1"]

1. e4 e5 2. Nf3 Nc6 3. Bb5 a6 4. Ba4 d6 5. c3 Nf6 6. Bc2 Be7 7. 0-0 0-0 8. d4 Bg4 9. d5 Na7 10. h3 Bh5 11. Nbd2 c6 12. c4 Nc8 13. a4 a5 14. Re1 Nb6 15. b3 Qc7 16. Nf1 Rac8 17. Ng3 Bg6 18. dxc6 Qxc6 19. Nh4 Rfe8 20. Ngf5 Bf8 21. Bg5 Re6 22. Qd2 Qd7 23. Qxa5 Qc7 24. Qd2 d5 25. exd5 Ree8 26. Bxf6 gxf6 27. Be4 Bc5 28. Qh6 Bxf5 29. Bxf5 Bf8 30. Qxh7# 1-0

[Event "Karl Mala Memorial op 15th"]
[Site "Frankfurt"]
[Date "2012.07.06"]
[Round "3"]
[White "Zoufal, Sven"]
[Black "Dittmer, Lutz Michael"]
[Result "1-0"]
[WhiteElo "1332"]
[BlackElo "715"]
[PlyCount "95"]
[EventDate "2012.07.05"]
[EventType "swiss"]
[EventRounds "7"]
[EventCountry "GER"]
[SourceTitle "CBM 149 Extra"]
[Source "ChessBase"]
[SourceDate "2012.08.24"]
[SourceVersion "1"]
[SourceVersionDate "2012.08.24"]
[SourceQuality "1"]

1. e4 c6 2. d4 Nf6 3. e5 Nd5 4. c4 Nc7 5. f4 g6 6. Nf3 Bg7 7. Be2 0-0 8. 0-0 b5 9. Be3 Bb7 10. b3 d5 11. cxd5 cxd5 12. Nbd2 Nba6 13. Rc1 Rc8 14. Re1 Ne6 15. Bxb5 Nac7 16. Be2 Bh6 17. Ng5 f6 18. Nxe6 Nxe6 19. g3 g5 20. Bg4 Rc6 21. Rxc6 Bxc6 22. Bxe6+ Kh8 23. fxg5 fxg5 24. Rf1 Bb5 25. Rxf8+ Qxf8 26. Bxd5 Qc8 27. Nf3 e6 28. Be4 Qa6 29. a4 Bc6 30. d5 Be8 31. Qd3 Qxd3 32. Bxd3 exd5 33. Bxa7 Bc6 34. Bc5 d4 35. Nxd4 Bd5 36. Bb5 g4 37. Kf1 Bg7 38. Bd6 Bf7 39. Bc4 Kg8 40. a5 h5 41. a6 Bxc4+ 42. bxc4 Bf8 43. a7 Bxd6 44. exd6 Kf7 45. a8Q Kf6 46. Qe4 Kg5 47. d7 h4 48. d8Q+ 1-0

[Event "Rhein Main op-B 15th"]
[Site "Bad Homburg"]
[Date "2012.06.08"]
[Round "4"]
[White "Zoufal, Sven"]
[Black "Strate, Wolfgang"]
[Result "1/2-1/2"]
[WhiteElo "1263"]
[BlackElo "1716"]
[PlyCount "75"]
[EventDate "2012.06.06"]
[EventType "swiss"]
[EventRounds "7"]
[EventCountry "GER"]
[SourceTitle "EXT 2013"]
[Source "ChessBase"]
[SourceDate "2012.11.22"]
[SourceVersion "1"]
[SourceVersionDate "2012.11.22"]
[SourceQuality "1"]

1. e4 d5 2. exd5 Nf6 3. Nf3 Qxd5 4. Nc3 Qa5 5. d4 c6 6. h3 Bf5 7. Bc4 e6 8. 0-0 Nbd7 9. Bb3 Bd6 10. Re1 0-0 11. Ne2 Rad8 12. c3 h6 13. Bc2 Ne4 14. Bf4 Ndf6 15. Bxd6 Rxd6 16. Bxe4 Nxe4 17. Ng3 Nxg3 18. fxg3 Rfd8 19. Qb3 Qc7 20. Kh2 b6 21. Rac1 c5 22. a4 Qc6 23. Red1 c4 24. Qa3 f6 25. Re1 Be4 26. Rf1 Rd5 27. Rcd1 Bd3 28. Rf2 R8d6 29. b4 cxb3 30. Qxb3 Qc4 31. Qxc4 Bxc4 32. Rb2 Ra5 33. Ra1 b5 34. Nd2 Bd3 35. Nb3 Rxa4 36. Rxa4 bxa4 37. Nc5 Bc4 38. Nxa4 1/2-1/2

[Event "Rhein Main op-B 15th"]
[Site "Bad Homburg"]
[Date "2012.06.07"]
[Round "2"]
[White "Zoufal, Sven"]
[Black "Friedel, Thomas"]
[Result "1-0"]
[WhiteElo "1263"]
[BlackElo "1592"]
[PlyCount "95"]
[EventDate "2012.06.06"]
[EventType "swiss"]
[EventRounds "7"]
[EventCountry "GER"]
[SourceTitle "EXT 2013"]
[Source "ChessBase"]
[SourceDate "2012.11.22"]
[SourceVersion "1"]
[SourceVersionDate "2012.11.22"]
[SourceQuality "1"]

1. e4 e5 2. Nf3 Nc6 3. Bb5 Bc5 4. c3 Nf6 5. d4 exd4 6. cxd4 Bb4+ 7. Bd2 Bxd2+ 8. Nbxd2 0-0 9. 0-0 a6 10. Ba4 b5 11. Bb3 d6 12. h3 Bb7 13. Re1 Re8 14. Nf1 Na5 15. Bc2 Bxe4 16. Ng3 d5 17. b3 Nb7 18. Bxe4 Nxe4 19. Nxe4 dxe4 20. Ne5 f6 21. Nc6 Qd5 22. Nb4 Qd6 23. Qd2 c5 24. Nc2 Rad8 25. Rad1 Na5 26. Qxa5 Qc6 27. dxc5 Rxd1 28. Rxd1 Qxc5 29. Ne3 Qa7 30. Rd8 Rxd8 31. Qxd8+ Kf7 32. Qd5+ Kf8 33. Qxe4 Qe7 34. Qxe7+ Kxe7 35. f4 Ke6 36. Kf2 f5 37. b4 g6 38. Ke2 Kd6 39. Kd3 Ke6 40. Kd4 Kd6 41. g4 Ke6 42. Kc5 Kf6 43. Kb6 fxg4 44. hxg4 h5 45. gxh5 gxh5 46. Ng2 Kf5 47. Kxa6 Kg4 48. Kxb5 1-0

[Event "Hessen-chB"]
[Site "Offenbach"]
[Date "2012.04.05"]
[Round "1"]
[White "Jordake, Michael"]
[Black "Zoufal, Sven"]
[Result "1-0"]
[WhiteElo "1856"]
[BlackElo "1370"]
[PlyCount "39"]
[EventDate "2012.04.05"]
[EventType "swiss"]
[EventRounds "7"]
[EventCountry "GER"]
[SourceTitle "EXT 2013"]
[Source "ChessBase"]
[SourceDate "2012.11.22"]
[SourceVersion "1"]
[SourceVersionDate "2012.11.22"]
[SourceQuality "1"]

1. e4 c5 2. Nc3 g6 3. g3 Bg7 4. Bg2 d6 5. d3 Nf6 6. Nge2 Nbd7 7. 0-0 0-0 8. f4 Rb8 9. f5 Ne5 10. Bf4 Nfd7 11. Qd2 b5 12. Bg5 c4 13. d4 Qb6 14. Nd5 Qb7 15. Nxe7+ Kh8 16. dxe5 Bxe5 17. c3 Bf6 18. Bxf6+ Nxf6 19. Qxd6 Nxe4 20. Nxg6+ 1-0